[Event "MAS-ch (Women)"]
[Site "Pontian"]
[Date "2024.04.23"]
[Round "5"]
[White "Tan, Sue Anne"]
[Black "Mohd Nurul Izani, Kaseh Irsya Dania"]
[Result "0-1"]
[WhiteElo "1614"]
[BlackElo "1658"]
[PlyCount "100"]
[EventDate "2024.04.21"]
[EventType "swiss"]
[EventRounds "9"]
[EventCountry "MAS"]
[SourceTitle "EXT 2025"]
[Source "ChessBase"]
[SourceDate "2024.10.14"]
[SourceVersion "1"]
[SourceVersionDate "2024.10.14"]
[SourceQuality "1"]

1. e4 c5 2. Nf3 g6 3. d4 cxd4 4. Nxd4 Bg7 5. Nc3 Nc6 6. Be3 Nf6 7. f3 0-0 8. Qd2 d6 9. g4 Bd7 10. h4 h5 11. gxh5 Nxh5 12. Nde2 Ne5 13. Nd4 a6 14. Nd5 Nc6 15. c3 Rb8 16. Bh6 Nxd4 17. cxd4 e6 18. Bxg7 Kxg7 19. Ne3 Rh8 20. 0-0-0 Ng3 21. Rh3 Nxf1 22. Rxf1 Rc8+ 23. Kb1 Rh5 24. Rh2 Qb6 25. Ng2 Bb5 26. Rg1 e5 27. Ne3 Kf8 28. d5 a5 29. Rc1 Rc5 30. Rhh1 Rxc1+ 31. Rxc1 Rxh4 32. Rc8+ Be8 33. Qc1 Rh8 34. Nc4 Qa6 35. Ne3 Qd3+ 36. Ka1 Qe2 37. a3 Kg7 38. Qc3 Rh1+ 39. Ka2 Bb5 40. Ng4 Bd3 41. a4 Qxf3 42. Nxe5 Bb1+ 43. Kb3 Qxc3+ 44. bxc3 dxe5 45. Kc4 Bxe4 46. d6 Bc6 47. Kc5 e4 48. Kd4 Rd1+ 49. Kc5 e3 50. Rc7 e2 0-1

[Event "MAS-ch (Women)"]
[Site "Pontian"]
[Date "2024.04.22"]
[Round "2"]
[White "Tan, Sue Anne"]
[Black "Mamat, Farhan"]
[Result "0-1"]
[WhiteElo "1614"]
[BlackElo "1494"]
[PlyCount "107"]
[EventDate "2024.04.21"]
[EventType "swiss"]
[EventRounds "9"]
[EventCountry "MAS"]
[SourceTitle "EXT 2025"]
[Source "ChessBase"]
[SourceDate "2024.10.14"]
[SourceVersion "1"]
[SourceVersionDate "2024.10.14"]
[SourceQuality "1"]

1. e4 e5 2. Nf3 Nc6 3. Bc4 Bc5 4. c3 Nf6 5. d3 d6 6. a4 a5 7. Nbd2 0-0 8. h3 Be6 9. 0-0 d5 10. Ba2 dxe4 11. dxe4 Bxa2 12. Rxa2 Qd3 13. Re1 Rad8 14. Qe2 Qxe2 15. Rxe2 Rd3 16. Nb3 Rd1+ 17. Kh2 Bb6 18. Bg5 Nd7 19. Ra1 Rxa1 20. Nxa1 f6 21. Be3 Bxe3 22. Rxe3 Nc5 23. b3 Rd8 24. b4 axb4 25. cxb4 Nxb4 26. Rc3 b6 27. Nb3 Nxb3 28. Rxb3 c5 29. Nh4 Rd3 30. Rb2 g6 31. Nf3 Kf7 32. Nd2 Rc3 33. f3 Ke6 34. Kg3 f5 35. Kh4 Kf6 36. Kg3 f4+ 37. Kh2 h5 38. Kg1 h4 39. Kh2 Ke6 40. Nb1 Rd3 41. Nd2 Rc3 42. Nb1 Rc2 43. Rb3 Kd6 44. Nc3 Rc1 45. Rb2 Kc6 46. Nb5 Nd3 47. Rd2 c4 48. Na7+ Kc5 49. Nc8 Rb1 50. Rc2 Rb2 51. Rc3 Kb4 52. Rxd3 cxd3 53. Nxb6 d2 54. Nd5+ 0-1